Library Banner

Ideals and realities of Islam/ (Record no. 95247)

MARC details
000 -LEADER
fixed length control field 00376nam a22001457a 4500
005 - DATE AND TIME OF LATEST TRANSACTION
control field 20170717125042.0
008 - FIXED-LENGTH DATA ELEMENTS--GENERAL INFORMATION
fixed length control field 170717b xxu||||| |||| 00| 0 eng d
040 ## - CATALOGING SOURCE
Transcribing agency PK-LaUMT
082 ## - DEWEY DECIMAL CLASSIFICATION NUMBER
Classification number ZIAC 297.01
Item number HOS-I
100 ## - MAIN ENTRY--PERSONAL NAME
Personal name Hossein Nasr
245 ## - TITLE STATEMENT
Title Ideals and realities of Islam/
Statement of responsibility, etc Hossein Nasr
260 ## - PUBLICATION, DISTRIBUTION, ETC. (IMPRINT)
Place of publication, distribution, etc Lahore:
Name of publisher, distributor, etc Suhail academy,
Date of publication, distribution, etc 1994
300 ## - PHYSICAL DESCRIPTION
Extent 190 p.
942 ## - ADDED ENTRY ELEMENTS (KOHA)
Koha item type Books
Holdings
Withdrawn status Lost status Damaged status Home library Current library Date acquired Full call number Barcode Date last seen Price effective from Koha item type
      UMT Main Campus UMT Main Campus 2017-07-17 ZIAC 297.01 HOS-I 110790 2017-07-17 2017-07-17 Books